Soccer Heroes in the NASL - Statistics

General Stats
  • This quiz has been taken 16 times
  • The average score is 8 of 15
Answer Stats
Club (Player nationality - position) Player % Correct
New York Cosmos (BRA - striker) Pele
100%
New York Cosmos (GER - defender) Franz Beckenbauer
92%
Los Angeles Aztecs (NIR - striker) George Best
83%
Los Angeles Aztecs (NED - forward) Johan Cruyff
83%
Fort Lauderdale (GER - forward) Gerd Muller
75%
Vancouver Whitecaps (ZIM - goalkeeper) Bruce Grobbelaar
50%
New York Cosmos (ITA - striker) Giorgio Chinaglia
50%
Fort Lauderdale (PER - midfield) Teofilo Cubillas
50%
Fort Lauderdale - (ENG - goalkeeper) Gordon Banks
42%
Vancouver Whitecaps (NED - defender) Ruud Krol
42%
Tampa Bay Rowdies (ENG - forward) Rodney Marsh
33%
San Diego Sockers (POL - midfield) Kazimierz Deyna
25%
Portland Timbers (NED - forward) Rob Rensenbrink
25%
Vancouver Whitecaps (ENG - striker) Peter Beardsley
8%
Toronto Blizzard (ITA - striker) Roberto Bettega
8%
No matching quizzes found
Score Distribution
Percent of People with Each Score
Percentile by Number Answered
Your Score History
You have not taken this quiz